[Event "ESP-ch U18"]
[Site "Salobrena"]
[Date "2023.07.31"]
[Round "2"]
[White "Gonzalez Cobos, Arnau"]
[Black "Rey Chimera, Luca"]
[Result "0-1"]
[WhiteElo "2084"]
[BlackElo "1912"]
[PlyCount "90"]
[EventDate "2023.07.31"]
[EventType "swiss"]
[EventRounds "9"]
[EventCountry "ESP"]
[SourceTitle "CBM 215 Extra"]
[Source "ChessBase"]
[SourceDate "2023.09.30"]
[SourceVersion "1"]
[SourceVersionDate "2023.09.30"]
[SourceQuality "1"]

1. d4 Nf6 2. c4 e6 3. Nf3 b6 4. g3 Bb7 5. Bg2 Be7 6. 0-0 0-0 7. Nc3 Ne4 8. Qc2 Nxc3 9. Qxc3 d6 10. Qd3 f5 11. Nd2 Bxg2 12. Kxg2 Nc6 13. b3 Nxd4 14. Bb2 Nc6 15. e4 Bf6 16. Bxf6 Qxf6 17. f4 Qd4 18. Qe2 Rae8 19. Rad1 e5 20. exf5 exf4 21. Qf3 fxg3 22. hxg3 Ne5 23. Qf4 Qxf4 24. Rxf4 Nd3 25. Rd4 Nb4 26. Rf4 Nxa2 27. Ra1 Re2+ 28. Rf2 Rxf2+ 29. Kxf2 Rxf5+ 30. Nf3 Nb4 31. Rxa7 Nc6 32. Ra8+ Rf8 33. Rxf8+ Kxf8 34. Ng5 Ke7 35. Nxh7 Nd4 36. b4 Nc6 37. Ng5 Ne5 38. Ke3 Nxc4+ 39. Kd4 Ne5 40. Kd5 c6+ 41. Ke4 b5 42. Kd4 Ng4 43. Nf3 Nf6 44. Nh4 Ke6 45. Kc3 Ne4+ 0-1

[Event "ESP-ch U16 Rapid"]
[Site "Salobrena"]
[Date "2022.07.31"]
[Round "7"]
[White "Rey Chimera, Luca"]
[Black "Suarez Gomez, Paula"]
[Result "1/2-1/2"]
[WhiteElo "1616"]
[BlackElo "1398"]
[PlyCount "138"]
[EventDate "2022.07.30"]
[EventType "swiss (rapid)"]
[EventRounds "9"]
[EventCountry "ESP"]
[SourceTitle "EXT 2023"]
[Source "ChessBase"]
[SourceDate "2022.10.05"]
[SourceVersion "1"]
[SourceVersionDate "2022.10.05"]
[SourceQuality "1"]

1. e4 e6 2. d4 d5 3. Nd2 c5 4. exd5 Qxd5 5. dxc5 Qxc5 6. Ngf3 Nf6 7. Bd3 Be7 8. 0-0 0-0 9. Qe2 Qc7 10. Ne4 Nc6 11. Nxf6+ Bxf6 12. Qe4 g6 13. c3 Bg7 14. Re1 e5 15. Qh4 h5 16. Be3 Bg4 17. Ng5 Rad8 18. Bc2 Ne7 19. f3 Bf5 20. Bb3 Nd5 21. Bf2 Nf4 22. Be3 Bf6 23. Qg3 Nd5 24. Bxa7 b6 25. Ne4 Bg7 26. Rad1 Nf4 27. Bxb6 Qxb6+ 28. Kh1 Be6 29. c4 Rxd1 30. Rxd1 Rd8 31. Qe1 Bf5 32. c5 Qc7 33. Rxd8+ Qxd8 34. Nd6 Be6 35. Bxe6 Nxe6 36. b4 Bf8 37. Qxe5 Qb8 38. a3 Nxc5 39. Nxf7 Qb5 40. h3 Kxf7 41. Qd5+ Kg7 42. bxc5 Qxc5 43. Qd7+ Qe7 44. Qd4+ Qf6 45. Qd7+ Kh6 46. a4 Bd6 47. Qa7 Qe5 48. Qg1 Bc5 49. Qc1+ Qe3 50. Qa1 Bd4 51. Qb1 Qa3 52. Qd1 Qa1 53. Qxa1 Bxa1 54. a5 Bd4 55. a6 Kg5 56. g3 Kf5 57. Kg2 Ke5 58. h4 Kf5 59. Kh3 g5 60. hxg5 Kxg5 61. f4+ Kh6 62. Kh4 Kg6 63. f5+ Kxf5 64. Kxh5 Ke6 65. g4 Kd6 66. g5 Kc6 67. g6 Kb6 68. g7 Bxg7 69. Kg6 Kxa6 1/2-1/2

[Event "ESP-ch U16"]
[Site "Salobrena"]
[Date "2022.07.28"]
[Round "6"]
[White "Pinyol I Llora, Julia"]
[Black "Rey Chimera, Luca"]
[Result "1-0"]
[WhiteElo "1886"]
[BlackElo "1734"]
[PlyCount "39"]
[EventDate "2022.07.25"]
[EventType "swiss"]
[EventRounds "9"]
[EventCountry "ESP"]
[SourceTitle "EXT 2023"]
[Source "ChessBase"]
[SourceDate "2022.10.05"]
[SourceVersion "1"]
[SourceVersionDate "2022.10.05"]
[SourceQuality "1"]

1. d4 Nf6 2. c4 e6 3. Nf3 d5 4. g3 Be7 5. Bg2 0-0 6. 0-0 dxc4 7. Qc2 b5 8. a4 b4 9. Nbd2 Ba6 10. Nxc4 Nc6 11. Nce5 Nxd4 12. Nxd4 Qxd4 13. Nc6 Qc5 14. Nxe7+ Qxe7 15. Bxa8 Rxa8 16. Qc6 Rb8 17. Qxa6 Qc5 18. Be3 Qh5 19. Qxa7 Re8 20. f3 1-0

[Event "ESP-ch U16"]
[Site "Salobrena"]
[Date "2021.07.20"]
[Round "3"]
[White "Fernandez Estremera, Fernando"]
[Black "Rey Chimera, Luca"]
[Result "1-0"]
[WhiteElo "2123"]
[BlackElo "1725"]
[PlyCount "51"]
[EventDate "2021.07.19"]
[EventType "swiss"]
[EventRounds "9"]
[EventCountry "ESP"]
[SourceTitle "EXT 2022"]
[Source "ChessBase"]
[SourceDate "2021.10.06"]
[SourceVersion "1"]
[SourceVersionDate "2021.10.06"]
[SourceQuality "1"]

1. d4 Nf6 2. Nc3 d5 3. Bf4 c6 4. e3 e6 5. Bd3 Nbd7 6. g4 Qb6 7. Rb1 g6 8. Qf3 a6 9. Nce2 Qa5+ 10. c3 Qxa2 11. h4 e5 12. dxe5 Nc5 13. Bc2 Bxg4 14. Qg2 Bxe2 15. Nxe2 Nh5 16. Bh2 Qc4 17. f4 Be7 18. Bg3 Nxg3 19. Nxg3 d4 20. exd4 Nd3+ 21. Bxd3 Qxd3 22. Rd1 Qe3+ 23. Ne2 f6 24. Rh3 Qxh3 25. Qxh3 f5 26. d5 1-0

[Event "ESP-ch U16"]
[Site "Salobrena"]
[Date "2020.08.13"]
[Round "6"]
[White "Alvarez Perez, Adan"]
[Black "Rey Chimera, Luca"]
[Result "1/2-1/2"]
[WhiteElo "2026"]
[BlackElo "1571"]
[PlyCount "182"]
[EventDate "2020.08.10"]
[EventType "swiss"]
[EventRounds "9"]
[EventCountry "ESP"]
[SourceTitle "EXT 2021"]
[Source "ChessBase"]
[SourceDate "2020.10.23"]
[SourceVersion "1"]
[SourceVersionDate "2020.10.23"]
[SourceQuality "1"]

1. d4 d5 2. Bg5 f6 3. Bf4 Nc6 4. Nf3 g5 5. Bg3 h5 6. h3 Bf5 7. e3 e6 8. Bd3 Nge7 9. Nc3 Bxd3 10. Qxd3 Nf5 11. a3 Kf7 12. Rd1 Nxg3 13. fxg3 Qd6 14. 0-0 g4 15. Nh4 Rh6 16. e4 Nxd4 17. Qxd4 Qxg3 18. Qf2 Bd6 19. Qxg3 Bxg3 20. Nf3 gxf3 21. Rxf3 Be5 22. exd5 exd5 23. Rxd5 Re8 24. Kf2 c6 25. Rd1 Rg6 26. g3 Rgg8 27. Rfd3 c5 28. Ne4 Re7 29. c3 b6 30. Nd6+ Bxd6 31. Rxd6 Rge8 32. Rd7 Kg6 33. Rxe7 Rxe7 34. Kf3 Re6 35. Rd7 a6 36. b4 cxb4 37. axb4 Rc6 38. Rd3 Rc4 39. Ke3 b5 40. Kd2 Rc6 41. Rd5 f5 42. Kd3 Kf6 43. Rd8 Kg7 44. Rd7+ Kg6 45. Rd8 Kg7 46. Kd4 Rc4+ 47. Kd3 Rc6 48. Rd4 Kf6 49. Kc2 Kf7 50. Kb3 Kf6 51. Rd5 Kg6 52. Kc2 Kf6 53. Rd4 Kg6 54. Rf4 Kg5 55. Kd3 Rd6+ 56. Ke3 Rc6 57. Kd4 Rc4+ 58. Ke5 Rxc3 59. Rxf5+ Kg6 60. g4 hxg4 61. hxg4 Rc4 62. Rf4 Rc1 63. Kd5 Kg5 64. Rd4 Rc2 65. Re4 Rc1 66. Kd4 Rc4+ 67. Kd3 Rc6 68. Ke2 Rc1 69. Kf2 Rc3 70. Ke2 Rc1 71. Kf3 Rf1+ 72. Ke3 Rc1 73. Kd4 Rc2 74. Kd5 Rc1 75. Ke5 Rc2 76. Rd4 Rc1 77. Kd5 Rc2 78. Ke4 Rc3 79. Rd3 Rc4+ 80. Rd4 Rc3 81. Kd5 Rc2 82. Re4 Rc1 83. Kd4 Rc4+ 84. Kd3 Rc6 85. Kd2 Rc8 86. Ke3 Rc1 87. Kf3 Rf1+ 88. Kg2 Rc1 89. Rd4 Rc3 90. Kf2 Rc1 91. Kf3 Rc3+ 1/2-1/2

[Event "Galicia-ch U14"]
[Site "Padron"]
[Date "2020.02.24"]
[Round "5"]
[White "Perez Ochandategui, Xabier"]
[Black "Rey Chimera, Luca"]
[Result "1-0"]
[WhiteElo "1417"]
[BlackElo "1625"]
[PlyCount "83"]
[EventDate "2020.02.22"]
[EventType "swiss"]
[EventRounds "8"]
[EventCountry "ESP"]
[SourceTitle "EXT 2023"]
[Source "ChessBase"]
[SourceDate "2022.10.05"]
[SourceVersion "1"]
[SourceVersionDate "2022.10.05"]
[SourceQuality "1"]

1. e4 e6 2. d4 d5 3. Nc3 Bb4 4. e5 c5 5. a3 cxd4 6. axb4 dxc3 7. bxc3 Qc7 8. f4 Ne7 9. Bb5+ Bd7 10. Bxd7+ Nxd7 11. Ne2 Nf5 12. 0-0 g5 13. Qe1 gxf4 14. Bxf4 Rg8 15. Qf2 b5 16. Nd4 Nxd4 17. cxd4 Nb8 18. Qe2 Qb6 19. Be3 Nc6 20. Qh5 0-0-0 21. Qxf7 Kb8 22. c3 Ka8 23. Qxe6 Rge8 24. Qh6 Qc7 25. Rf6 Nb8 26. Bd2 Rd7 27. g3 Rg8 28. Re1 Rdg7 29. Qe3 h5 30. Qf3 Nd7 31. Qxd5+ Kb8 32. Rh6 h4 33. Rxh4 Rg6 34. Bf4 Rg4 35. Rxg4 Rxg4 36. Rf1 a5 37. e6 Rxf4 38. Rxf4 Qxc3 39. Qxb5+ Ka7 40. Qxa5+ Kb7 41. Qb5+ Ka7 42. Qd5 1-0

[Event "Padron Pre-Mundial U12"]
[Site "Padron"]
[Date "2018.09.08"]
[Round "9"]
[White "Rey Chimera, Luca"]
[Black "Borrajo Pineiro, Xabier"]
[Result "1-0"]
[WhiteElo "1664"]
[BlackElo "1115"]
[PlyCount "75"]
[EventDate "2018.09.03"]
[EventType "swiss"]
[EventRounds "9"]
[EventCountry "ESP"]
[SourceTitle "EXT 2024"]
[Source "ChessBase"]
[SourceDate "2023.10.10"]
[SourceVersion "1"]
[SourceVersionDate "2023.10.10"]
[SourceQuality "1"]

1. e4 c6 2. d4 d5 3. e5 Bf5 4. Nf3 e6 5. c4 Nd7 6. Nc3 Bb4 7. Bd2 Ne7 8. h3 h6 9. g4 Bxc3 10. Bxc3 Be4 11. Bd3 Bxd3 12. Qxd3 c5 13. b3 cxd4 14. Nxd4 Nc5 15. Qe3 Ne4 16. Nb5 Nxc3 17. Nd6+ Kf8 18. Qxc3 Qc7 19. c5 Rd8 20. b4 Nc8 21. Nb5 Qd7 22. Nd4 a6 23. 0-0 Na7 24. f4 Nc6 25. f5 Nxd4 26. Qxd4 Ke8 27. Rf3 Rf8 28. Raf1 Rc8 29. a4 Kd8 30. Rb1 Re8 31. Rbf1 Kc7 32. c6 bxc6 33. fxe6 fxe6 34. Rf7 Re7 35. Rxe7 Qxe7 36. Rf7 Qd7 37. Qa7+ Kd8 38. Qxd7# 1-0

[Event "Padron Pre-Mundial U12"]
[Site "Padron"]
[Date "2018.09.05"]
[Round "4"]
[White "Rey Chimera, Luca"]
[Black "Portela Medrano, Carmen"]
[Result "1-0"]
[WhiteElo "1664"]
[BlackElo "1293"]
[PlyCount "129"]
[EventDate "2018.09.03"]
[EventType "swiss"]
[EventRounds "9"]
[EventCountry "ESP"]
[SourceTitle "EXT 2024"]
[Source "ChessBase"]
[SourceDate "2023.10.10"]
[SourceVersion "1"]
[SourceVersionDate "2023.10.10"]
[SourceQuality "1"]

1. e4 e5 2. Nf3 Nc6 3. d4 exd4 4. Bc4 h6 5. 0-0 Bc5 6. c3 dxc3 7. Bxf7+ Kxf7 8. Qd5+ Ke8 9. Qh5+ Kf8 10. Qxc5+ Ke8 11. Nxc3 Qe7 12. Qh5+ Qf7 13. Qxf7+ Kxf7 14. Nd5 Nf6 15. Nxc7 Rb8 16. Re1 b6 17. Bf4 Bb7 18. Nb5 Ke6 19. Bxb8 Rxb8 20. Rad1 Ke7 21. e5 Ne8 22. Nfd4 Nxd4 23. Nxd4 Rc8 24. Rc1 Rxc1 25. Rxc1 a6 26. Kf1 Kf7 27. g3 Kg6 28. Ke2 Kg5 29. Ke3 Kg4 30. h4 g6 31. Rc4 Kh5 32. Nf3 g5 33. hxg5 hxg5 34. Rd4 Bc6 35. g4+ Kg6 36. e6 dxe6 37. Ne5+ Kf6 38. Nxc6 Nc7 39. Nb8 Nd5+ 40. Rxd5 exd5 41. Nd7+ Ke6 42. Nxb6 Ke5 43. Nxd5 Kxd5 44. f4 gxf4+ 45. Kxf4 Ke6 46. Kg5 Kf7 47. Kh6 Kg8 48. Kg6 a5 49. g5 a4 50. a3 Kf8 51. Kh7 Ke7 52. g6 Kd6 53. g7 Kc5 54. g8Q Kd4 55. Kh6 Kd3 56. Kh5 Kc2 57. Qg3 Kxb2 58. Qd3 Kc1 59. Qe2 Kb1 60. Kg4 Kc1 61. Kf3 Kb1 62. Ke3 Kc1 63. Kd3 Kb1 64. Kc3 Kc1 65. Qc2# 1-0